Intermediate examination (Record no. 105603)
[ view plain ]
| 000 -LEADER | |
|---|---|
| fixed length control field | 00716cam a22002055a 4500 |
| 001 - CONTROL NUMBER | |
| control field | ##L134228 |
| 008 - FIXED-LENGTH DATA ELEMENTS--GENERAL INFORMATION | |
| fixed length control field | 060718s1951 xxk 000 0 eng u |
| 035 ## - SYSTEM CONTROL NUMBER | |
| System control number | (Sirsi) u134228 |
| 041 0# - LANGUAGE CODE | |
| Language code of text/sound track or separate title | eng |
| 050 04 - LIBRARY OF CONGRESS CALL NUMBER | |
| Classification number | 333.0062 $2 18 |
| 110 2# - MAIN ENTRY--CORPORATE NAME | |
| Corporate name or jurisdiction name as entry element | Incorporated Society of Auctioneers and Landed Property Agents |
| 9 (RLIN) | 4878 |
| 245 00 - TITLE STATEMENT | |
| Title | Intermediate examination |
| Remainder of title | April 1951 |
| 260 ## - PUBLICATION, DISTRIBUTION, ETC. | |
| Place of publication, distribution, etc. | London |
| Name of publisher, distributor, etc. | ISALPA |
| Date of publication, distribution, etc. | 1951 |
| 300 ## - PHYSICAL DESCRIPTION | |
| Extent | 40p. |
| Dimensions | 22cm. |
| 505 2# - FORMATTED CONTENTS NOTE | |
| Formatted contents note | Section 1 General practitioners -- Section 2 Agricultural practitioners -- Section 3 Housing managers -- Section 4 Chattel auctioneers and valuers |
| 520 ## - SUMMARY, ETC. | |
| Summary, etc. | Examination paper. |
| 651 #4 - SUBJECT ADDED ENTRY--GEOGRAPHIC NAME | |
| Geographic name | United Kingdom |
| Chronological subdivision | |
| 690 ## - LOCAL SUBJECT ADDED ENTRY--TOPICAL TERM (OCLC, RLIN) | |
| Topical term or geographic name as entry element | ABOUT RICS-RELATED ORGANISATIONS |
| 942 ## - ADDED ENTRY ELEMENTS (KOHA) | |
| Suppress in OPAC | 0 |
| Withdrawn status | Lost status | Source of classification or shelving scheme | Damaged status | Not for loan | Home library | Current library | Shelving location | Date acquired | Total Checkouts | Full call number | Barcode | Date last seen | Copy number | Price effective from | Koha item type |
|---|---|---|---|---|---|---|---|---|---|---|---|---|---|---|---|
| Dewey Decimal Classification | Historic collection | Historic collection | RICS Boxes | 18/07/2006 | RICS 1951 | 134228-2001 | 06/08/2019 | 1 | 06/08/2019 | Archive |